7 States That Border Kentucky Quiz Stats

Quiz Updated May 18, 2015

Challenge
Share
Tweet
Embed
Score 0/7 Timer 03:00
2 Plays Today
% Correct
Tennessee
92.8%
Ohio
83.1%
Indiana
82.5%
West Virginia
80.7%
Illinois
72.4%
Virginia
66.2%
Missouri
60.8%

You're not logged in!

Compare scores with friends on all Sporcle quizzes.
Join for Free
OR
Log In

You Might Also Like...

Show Comments

Extras

Top Quizzes Today


Score Distribution

Your Account Isn't Verified!

In order to create a playlist on Sporcle, you need to verify the email address you used during registration. Go to your Sporcle Settings to finish the process.

Report this User

Report this user for behavior that violates our Community Guidelines.

Details: